[Event "Orsha"]
[Site "Orsha"]
[Date "2023.12.22"]
[Round "3"]
[White "Lisenkov, Svyatoslav"]
[Black "Khudyakov, Stanislav"]
[Result "1/2-1/2"]
[WhiteElo "2171"]
[BlackElo "2238"]
[PlyCount "22"]
[EventDate "2023.12.21"]
[EventType "schev"]
[EventRounds "9"]
[EventCountry "BLR"]
[SourceTitle "EXT 2025"]
[Source "ChessBase"]
[SourceDate "2024.10.14"]
[SourceVersion "1"]
[SourceVersionDate "2024.10.14"]
[SourceQuality "1"]
[BlackTeam "RedTeam"]

1. e4 c5 2. Nf3 Nc6 3. Bb5 g6 4. 0-0 Bg7 5. Re1 e5 6. b4 Nxb4 7. Bb2 a6 8. a3 axb5 9. axb4 Rxa1 10. Bxa1 d6 11. bxc5 Ne7 1/2-1/2

[Event "RUS-ch Blitz"]
[Site "Sochi"]
[Date "2023.10.14"]
[Round "11"]
[White "Khudyakov, Stanislav"]
[Black "Kezin, Roman"]
[Result "0-1"]
[WhiteElo "2236"]
[BlackElo "2505"]
[PlyCount "62"]
[EventDate "2023.10.14"]
[EventType "swiss (blitz)"]
[EventRounds "13"]
[EventCountry "RUS"]
[SourceTitle "CBM 216 Extra"]
[Source "ChessBase"]
[SourceDate "2023.11.30"]
[SourceVersion "1"]
[SourceVersionDate "2023.11.30"]
[SourceQuality "1"]

1. d4 d5 2. c4 e6 3. Nf3 Nf6 4. g3 Be7 5. Bg2 0-0 6. 0-0 dxc4 7. Qc2 b5 8. a4 b4 9. Qxc4 Ba6 10. Qc2 Nbd7 11. Rd1 Rc8 12. e4 Bb7 13. Ne5 c5 14. Nxd7 Qxd7 15. d5 exd5 16. e5 Ne8 17. Bf4 Nc7 18. Nd2 Ne6 19. Bh3 Qc6 20. Nf3 d4 21. Bg2 c4 22. Nh4 Qc7 23. Bxb7 Qxb7 24. Nf5 d3 25. Qd2 Rfd8 26. a5 Bf8 27. Qe3 Bc5 28. Qe1 g6 29. Nh6+ Kg7 30. Ng4 Nd4 31. Bh6+ Kh8 0-1

[Event "Sochi Pearl Rapid op"]
[Site "Sochi"]
[Date "2023.10.11"]
[Round "11"]
[White "Khudyakov, Stanislav"]
[Black "Bodnaruk, Anastasia"]
[Result "0-1"]
[WhiteElo "2236"]
[BlackElo "2340"]
[PlyCount "74"]
[EventDate "2023.10.09"]
[EventType "swiss (rapid)"]
[EventRounds "11"]
[EventCountry "RUS"]
[SourceTitle "CBM 216 Extra"]
[Source "ChessBase"]
[SourceDate "2023.11.30"]
[SourceVersion "1"]
[SourceVersionDate "2023.11.30"]
[SourceQuality "1"]

1. e4 c5 2. Nf3 d6 3. Bb5+ Nd7 4. a4 Ngf6 5. Nc3 a6 6. Be2 b6 7. d4 cxd4 8. Qxd4 e5 9. Qc4 Be7 10. 0-0 0-0 11. Bg5 Bb7 12. Bxf6 Nxf6 13. Rfd1 Rc8 14. Qd3 Qc7 15. Nd2 Rfd8 16. Bf3 Qc5 17. Nf1 Qb4 18. Ra3 Rc4 19. Rb3 Qc5 20. Rxb6 Rxc3 21. Rxb7 Rxd3 22. Rxd3 Bf8 23. Rc3 Qd4 24. Ng3 Qxa4 25. h3 g6 26. Kh2 Rd7 27. Rb8 Kg7 28. Rcc8 Be7 29. Ne2 d5 30. Nc3 Qa1 31. g4 Qf1 32. Kg3 Qg1+ 33. Bg2 Nxe4+ 34. Nxe4 dxe4 35. Rg8+ Kh6 36. Rbe8 Bh4+ 37. Kxh4 Qxf2# 0-1

[Event "Sochi Pearl Rapid op"]
[Site "Sochi"]
[Date "2023.10.10"]
[Round "7"]
[White "Khudyakov, Stanislav"]
[Black "Kopyl, Artem"]
[Result "0-1"]
[WhiteElo "2236"]
[BlackElo "2327"]
[PlyCount "115"]
[EventDate "2023.10.09"]
[EventType "swiss (rapid)"]
[EventRounds "11"]
[EventCountry "RUS"]
[SourceTitle "CBM 216 Extra"]
[Source "ChessBase"]
[SourceDate "2023.11.30"]
[SourceVersion "1"]
[SourceVersionDate "2023.11.30"]
[SourceQuality "1"]

1. e4 c5 2. Nf3 d6 3. Bb5+ Nd7 4. a4 e6 5. 0-0 Qc7 6. c3 a6 7. Bxd7+ Bxd7 8. d4 Nf6 9. Nbd2 Be7 10. e5 dxe5 11. dxe5 Nd5 12. Ne4 0-0 13. Re1 Bc6 14. Qc2 h6 15. Bd2 b6 16. a5 bxa5 17. Be3 Qb6 18. Nfd2 Bb5 19. Qd1 Bd3 20. Ra2 Qc7 21. Ng3 c4 22. Bd4 Rfb8 23. Qa1 Rb5 24. Nf3 Rab8 25. Rd1 Bc2 26. Rd2 Bb3 27. Ra3 Nf4 28. Ne4 Bxa3 29. Qxa3 Nd3 30. h3 Rd5 31. Qa1 Qc6 32. Ng3 Ba4 33. Kh2 Qd7 34. Nf1 Bb3 35. Ne3 Rdb5 36. Qa3 Qe8 37. Qa1 a4 38. Ng4 Qf8 39. Qf1 a3 40. bxa3 Qxa3 41. Qe2 Qe7 42. Qe4 Qb7 43. Qe3 h5 44. Nf6+ Kf8 45. Nxh5 Qe7 46. Qe4 g6 47. Nf6 Kg7 48. Qg4 Rh8 49. Qg5 a5 50. Nh5+ Kf8 51. Nf6 a4 52. Be3 Qc7 53. Re2 a3 54. Bd2 a2 55. Nd4 a1Q 56. Nxb5 Qc6 57. Re4 Nxf2 58. Rf4 0-1

[Event "Sochi Pearl Rapid op"]
[Site "Sochi"]
[Date "2023.10.10"]
[Round "5"]
[White "Khudyakov, Stanislav"]
[Black "Vlasenko, Miroslav"]
[Result "1-0"]
[WhiteElo "2236"]
[BlackElo "2371"]
[PlyCount "109"]
[EventDate "2023.10.09"]
[EventType "swiss (rapid)"]
[EventRounds "11"]
[EventCountry "RUS"]
[SourceTitle "CBM 216 Extra"]
[Source "ChessBase"]
[SourceDate "2023.11.30"]
[SourceVersion "1"]
[SourceVersionDate "2023.11.30"]
[SourceQuality "1"]

1. e4 c5 2. Nf3 Nc6 3. Bb5 g6 4. 0-0 Bg7 5. Bxc6 dxc6 6. d3 Nf6 7. h3 Nd7 8. a4 a5 9. Nbd2 Qc7 10. Nc4 b5 11. Ne3 Nb6 12. c4 Nxa4 13. cxb5 cxb5 14. Nd5 Qb7 15. Bg5 f6 16. Be3 Nb6 17. Nxb6 Qxb6 18. Qc2 Be6 19. Bxc5 Qb7 20. Qd2 Rc8 21. Rfc1 0-0 22. Rxa5 f5 23. Ra7 Qc6 24. Rxe7 Bf6 25. Ra7 fxe4 26. dxe4 Rf7 27. Rxf7 Bxf7 28. e5 Bg7 29. b4 Bc4 30. Re1 Re8 31. Qf4 Qd5 32. Bd6 h6 33. h4 Qd3 34. Qe4 Qxe4 35. Rxe4 Rd8 36. Re3 Bf8 37. Bxf8 Kxf8 38. Ra3 Rd1+ 39. Kh2 Rb1 40. Ra8+ Kf7 41. Ra7+ Ke6 42. Ra6+ Kf7 43. h5 gxh5 44. Rf6+ Kg7 45. Nd4 Rxb4 46. Nf5+ Kg8 47. e6 Bxe6 48. Rxe6 Rf4 49. Rf6 Kh7 50. Rxh6+ Kg8 51. Rf6 Kh7 52. Kg3 Rg4+ 53. Kf3 b4 54. Rh6+ Kg8 55. Rxh5 1-0

[Event "Sochi Pearl Rapid op"]
[Site "Sochi"]
[Date "2023.10.10"]
[Round "4"]
[White "Lintchevski, Daniil"]
[Black "Khudyakov, Stanislav"]
[Result "1-0"]
[WhiteElo "2542"]
[BlackElo "2236"]
[PlyCount "75"]
[EventDate "2023.10.09"]
[EventType "swiss (rapid)"]
[EventRounds "11"]
[EventCountry "RUS"]
[SourceTitle "CBM 216 Extra"]
[Source "ChessBase"]
[SourceDate "2023.11.30"]
[SourceVersion "1"]
[SourceVersionDate "2023.11.30"]
[SourceQuality "1"]

1. e4 c5 2. Nf3 Nc6 3. Bb5 e5 4. 0-0 Bd6 5. c3 a6 6. Bc4 b5 7. Bd5 Nge7 8. d4 cxd4 9. cxd4 exd4 10. Nxd4 Qc7 11. Nf5 Nxf5 12. exf5 0-0 13. g3 Be5 14. Nd2 Bb7 15. Nf3 Rae8 16. Re1 Bf6 17. Bf4 Rxe1+ 18. Qxe1 Qc8 19. Bd6 Re8 20. Qd2 Ne7 21. Bxe7 Rxe7 22. Rc1 Qa8 23. Rc7 Bc6 24. Bxc6 dxc6 25. Rxe7 Bxe7 26. Ne5 Bf6 27. Nd7 Qd8 28. Qd6 h6 29. Qxc6 Bxb2 30. Nc5 Bd4 31. Ne4 Qa5 32. Qd5 Qb4 33. Kg2 Qc4 34. Qd7 b4 35. Nd6 Qd5+ 36. Kh3 Be5 37. Qe8+ Kh7 38. Nxf7 1-0

[Event "Sochi Pearl Rapid op"]
[Site "Sochi"]
[Date "2023.10.09"]
[Round "3"]
[White "Khudyakov, Stanislav"]
[Black "Zakhartsov, Vladimir"]
[Result "1/2-1/2"]
[WhiteElo "2236"]
[BlackElo "2523"]
[PlyCount "35"]
[EventDate "2023.10.09"]
[EventType "swiss (rapid)"]
[EventRounds "11"]
[EventCountry "RUS"]
[SourceTitle "CBM 216 Extra"]
[Source "ChessBase"]
[SourceDate "2023.11.30"]
[SourceVersion "1"]
[SourceVersionDate "2023.11.30"]
[SourceQuality "1"]

1. e4 c5 2. Nf3 e6 3. d4 cxd4 4. Nxd4 a6 5. Bd3 Bc5 6. Nb3 Be7 7. 0-0 d6 8. Qg4 g6 9. Nc3 Nf6 10. Qg3 0-0 11. Bh6 Re8 12. Rad1 Nc6 13. f4 Nb4 14. Kh1 Nxd3 15. Rxd3 Bd7 16. e5 Nh5 17. Qf3 d5 18. Qxh5 1/2-1/2

[Event "Cheliabinsk Lozovatsky Memorial-A"]
[Site "Cheliabinsk"]
[Date "2023.01.31"]
[Round "5"]
[White "Suleymenov, Alisher"]
[Black "Khudyakov, Stanislav"]
[Result "1/2-1/2"]
[WhiteElo "2454"]
[BlackElo "2227"]
[PlyCount "213"]
[EventDate "2023.01.27"]
[EventType "swiss"]
[EventRounds "10"]
[EventCountry "RUS"]
[SourceTitle "CBM 212 Extra"]
[Source "ChessBase"]
[SourceDate "2023.03.31"]
[SourceVersion "1"]
[SourceVersionDate "2023.03.31"]
[SourceQuality "1"]

1. e4 c5 2. Nf3 Nc6 3. d4 cxd4 4. Nxd4 Nf6 5. Nc3 e5 6. Ndb5 d6 7. Nd5 Nxd5 8. exd5 Nb8 9. a4 Be7 10. Bd2 0-0 11. a5 f5 12. Be2 Bd7 13. 0-0 Na6 14. c4 Bxb5 15. cxb5 Nc5 16. a6 b6 17. Rc1 e4 18. b4 Nd7 19. Bf4 Ne5 20. Qd2 Bf6 21. Be3 Rf7 22. Rc2 h6 23. Bd4 Rc8 24. Rfc1 Rfc7 25. Be3 Rxc2 26. Rxc2 Rxc2 27. Qxc2 Bg5 28. Bd4 Bf6 29. Bb2 Nd3 30. Ba3 Ne5 31. g3 g6 32. Kg2 Kg7 33. h4 Qd7 34. Bc1 Bd8 35. Bb2 Qc7 36. Qc6 Qxc6 37. bxc6 Bc7 38. Bc1 h5 39. Kf1 Kf7 40. Ke1 Kg7 41. Bg5 Nf7 42. Bf4 Kf6 43. Kd2 Kg7 44. Kc3 Kf6 45. Kd4 Kg7 46. Bd2 Kf6 47. Ke3 Ne5 48. Bc3 Bd8 49. Kd2 Bc7 50. Kc2 Ke7 51. Kb3 Kf6 52. Ka4 Ke7 53. Kb5 Kf6 54. Bc4 Ke7 55. Be2 Kf6 56. Bd2 Nf7 57. Be3 Ke7 58. Kc4 Kf6 59. Kd4 Ne5 60. Bg5+ Kf7 61. Ke3 Kg7 62. Kf4 Kf7 63. Bh6 Kf6 64. Ke3 Nf7 65. Bf4 Ne5 66. Kd4 Kf7 67. Bh6 Kf6 68. Bf4 Nf7 69. Ke3 Ne5 70. Bg5+ Kg7 71. f3 exf3 72. Bxf3 Kf7 73. Be2 Kg7 74. Kf4 Kf7 75. Ke3 Kg7 76. Kd4 Kf7 77. Kc3 Kg7 78. Kb3 Kf7 79. Be3 Kf6 80. Bd4 Ke7 81. Bd1 Kf6 82. Ka4 Ke7 83. Kb5 Kf6 84. Bb3 Ke7 85. Be3 Kf6 86. Bf4 Ke7 87. Ka4 Kf6 88. Bc2 Nf7 89. Kb3 Ne5 90. Kc3 Nf7 91. Bd1 Ne5 92. Be2 Nf7 93. Kd4 Ne5 94. Bc1 Kg7 95. Ke3 Kf7 96. Kf4 Kf6 97. Bb2 Bd8 98. Ke3 Bc7 99. Kd2 Ke7 100. Kc2 Kf6 101. Kb3 Ke7 102. Ka4 Kf6 103. Kb5 Ke7 104. Bc1 Kf6 105. Bg5+ Kf7 106. Bd1 Kg7 107. Be2 1/2-1/2

[Event "Cheliabinsk Lozovatsky Memorial-A"]
[Site "Cheliabinsk"]
[Date "2023.01.27"]
[Round "1"]
[White "Daneshvar, Bardiya"]
[Black "Khudyakov, Stanislav"]
[Result "1-0"]
[WhiteElo "2500"]
[BlackElo "2227"]
[PlyCount "81"]
[EventDate "2023.01.27"]
[EventType "swiss"]
[EventRounds "10"]
[EventCountry "RUS"]
[SourceTitle "CBM 212 Extra"]
[Source "ChessBase"]
[SourceDate "2023.03.31"]
[SourceVersion "1"]
[SourceVersionDate "2023.03.31"]
[SourceQuality "1"]

1. Nf3 Nf6 2. g3 d5 3. Bg2 e6 4. 0-0 c5 5. c4 d4 6. e3 Nc6 7. d3 h6 8. exd4 cxd4 9. Bd2 a5 10. Bf4 Bd6 11. Bxd6 Qxd6 12. Na3 0-0 13. Re1 e5 14. Qe2 Bg4 15. h3 Bxf3 16. Bxf3 Rae8 17. Nb5 Qc5 18. Bg2 Re7 19. a3 Rd8 20. Rad1 h5 21. h4 Na7 22. b4 Qb6 23. Nxa7 Qxa7 24. Qd2 axb4 25. axb4 Qb6 26. Ra1 Qc7 27. Be4 g6 28. Ra5 Kg7 29. Rc5 Qb8 30. Bf3 Rde8 31. Rb5 Qc8 32. c5 e4 33. dxe4 Qd7 34. e5 Nd5 35. Ra5 Nc3 36. Kg2 Rd8 37. Ra7 Qb5 38. c6 Qxb4 39. Rxb7 Rxb7 40. cxb7 Rd7 41. e6 1-0

[Event "Cheliabinsk Panchenko Memorial op-A"]
[Site "Cheliabinsk"]
[Date "2022.09.12"]
[Round "1"]
[White "Makarian, Rudik"]
[Black "Khudyakov, Stanislav"]
[Result "1-0"]
[WhiteElo "2497"]
[BlackElo "2239"]
[PlyCount "91"]
[EventDate "2022.09.12"]
[EventType "swiss"]
[EventRounds "10"]
[EventCountry "RUS"]
[SourceTitle "CBM 210 Extra"]
[Source "ChessBase"]
[SourceDate "2022.11.30"]
[SourceVersion "1"]
[SourceVersionDate "2022.11.30"]
[SourceQuality "1"]

1. d4 d5 2. c4 dxc4 3. e4 b5 4. a4 c6 5. axb5 cxb5 6. Nc3 Qb6 7. Be3 e6 8. Nh3 Nf6 9. Be2 Bb7 10. 0-0 Nbd7 11. Bf3 Bb4 12. e5 Nd5 13. Nxd5 Bxd5 14. Bxd5 exd5 15. Nf4 Qc6 16. Qg4 g6 17. Qf3 Nb6 18. Ra6 Be7 19. Rxb6 axb6 20. Nxd5 Rc8 21. Nf6+ Bxf6 22. d5 Qd7 23. Qxf6 Rg8 24. Bg5 Qd8 25. Qxd8+ Rxd8 26. Bxd8 Kxd8 27. Ra1 Re8 28. Ra8+ Ke7 29. Ra7+ Kf8 30. f4 Rc8 31. d6 Rb8 32. Kf2 Ke8 33. Ke3 b4 34. g4 b5 35. Re7+ Kf8 36. Rc7 Ke8 37. f5 gxf5 38. gxf5 Rb6 39. Kd4 c3 40. b3 Ra6 41. Kd5 Ra1 42. e6 fxe6+ 43. fxe6 Rd1+ 44. Kc5 Kf8 45. e7+ Kf7 46. Rc8 1-0

[Event "Moscow op-A 18th"]
[Site "Moscow"]
[Date "2022.07.15"]
[Round "3"]
[White "Shuvalova, Polina"]
[Black "Khudyakov, Stanislav"]
[Result "1-0"]
[WhiteElo "2498"]
[BlackElo "2255"]
[PlyCount "67"]
[EventDate "2022.07.14"]
[EventType "swiss"]
[EventRounds "9"]
[EventCountry "RUS"]
[SourceTitle "CBM 209 Extra"]
[Source "ChessBase"]
[SourceDate "2022.09.30"]
[SourceVersion "1"]
[SourceVersionDate "2022.09.30"]
[SourceQuality "1"]

1. e4 c5 2. Nf3 Nc6 3. Bb5 g6 4. 0-0 Bg7 5. c3 e5 6. d4 exd4 7. cxd4 cxd4 8. e5 Nge7 9. Bf4 0-0 10. Nbd2 d6 11. exd6 Nf5 12. Ne4 h6 13. h3 Be6 14. Rc1 Bd5 15. Nfd2 Re8 16. Re1 Re6 17. Rc5 Bxe4 18. Rxe4 Rxd6 19. Bxd6 Qxd6 20. Rc1 Nfe7 21. Qb3 Qd7 22. Rce1 Nf5 23. Qa4 Bf6 24. Nb3 Kg7 25. Nc5 Qd5 26. Nxb7 Nce7 27. Na5 Rb8 28. Bc4 Qd6 29. Bd3 Nd5 30. Nc4 Qc7 31. Re8 Rb4 32. Qa6 Nh4 33. Rc8 Qf4 34. Qd6 1-0

[Event "RUS-chT2"]
[Site "Sochi"]
[Date "2022.05.03"]
[Round "3.2"]
[White "Kalegin, Evgenij"]
[Black "Khudyakov, Stanislav"]
[Result "1-0"]
[WhiteElo "2416"]
[BlackElo "2257"]
[PlyCount "57"]
[EventDate "2022.05.01"]
[EventType "team-swiss"]
[EventRounds "9"]
[EventCountry "RUS"]
[SourceTitle "CBM 208 Extra"]
[Source "ChessBase"]
[SourceDate "2022.07.31"]
[SourceVersion "1"]
[SourceVersionDate "2022.07.31"]
[SourceQuality "1"]
[WhiteTeam "Russia Veterans"]
[BlackTeam "Moscow Temus Tim"]
[WhiteTeamCountry "RUS"]
[BlackTeamCountry "RUS"]

1. e4 c5 2. Nf3 Nc6 3. Bb5 g6 4. Bxc6 dxc6 5. d3 Bg7 6. h3 e5 7. Nc3 Qc7 8. Be3 b6 9. a3 Ne7 10. b4 cxb4 11. axb4 0-0 12. Qc1 f5 13. Bh6 Be6 14. Bxg7 Kxg7 15. Qb2 a5 16. bxa5 Rxa5 17. Rxa5 bxa5 18. 0-0 Rb8 19. Qa3 c5 20. Ra1 c4 21. Qxa5 Qxa5 22. Rxa5 Rb2 23. Rxe5 Kf6 24. dxc4 Bg8 25. Rc5 Rxc2 26. Nd5+ Nxd5 27. Rc6+ Ke7 28. exd5 Bf7 29. Ne5 1-0

[Event "Cheliabinsk Variation-A"]
[Site "Cheliabinsk"]
[Date "2022.04.06"]
[Round "6"]
[White "Khudyakov, Stanislav"]
[Black "Agmanov, Zhandos"]
[Result "1/2-1/2"]
[WhiteElo "2230"]
[BlackElo "2431"]
[PlyCount "56"]
[EventDate "2022.04.01"]
[EventType "swiss"]
[EventRounds "9"]
[EventCountry "RUS"]
[SourceTitle "CBM 207 Extra"]
[Source "ChessBase"]
[SourceDate "2022.05.31"]
[SourceVersion "1"]
[SourceVersionDate "2022.05.31"]
[SourceQuality "1"]

1. d4 Nf6 2. c4 e6 3. g3 d5 4. Bg2 Be7 5. Nf3 0-0 6. 0-0 dxc4 7. Qa4 b6 8. Qxc4 Bb7 9. Nc3 Qc8 10. Bf4 c5 11. Rac1 Nbd7 12. dxc5 Bxc5 13. Qa4 Bc6 14. Qc2 Qb7 15. Na4 Be4 16. Nxc5 Nxc5 17. Ne1 Rac8 18. Bxe4 Ncxe4 19. Qa4 Rxc1 20. Bxc1 Nc5 21. Qa3 Rc8 22. Be3 Nce4 23. f3 Nc5 24. Nd3 Nxd3 25. Qxd3 Nd5 26. Rc1 Rd8 27. Bf2 Qe7 28. Rd1 Rc8 1/2-1/2

[Event "Cheliabinsk Variation-A"]
[Site "Cheliabinsk"]
[Date "2022.04.03"]
[Round "3"]
[White "Garifullina, Leya"]
[Black "Khudyakov, Stanislav"]
[Result "0-1"]
[WhiteElo "2412"]
[BlackElo "2230"]
[PlyCount "82"]
[EventDate "2022.04.01"]
[EventType "swiss"]
[EventRounds "9"]
[EventCountry "RUS"]
[SourceTitle "CBM 207 Extra"]
[Source "ChessBase"]
[SourceDate "2022.05.31"]
[SourceVersion "1"]
[SourceVersionDate "2022.05.31"]
[SourceQuality "1"]

1. e4 c5 2. Nf3 Nc6 3. Bb5 g6 4. Bxc6 dxc6 5. d3 Qc7 6. h3 e5 7. a4 a5 8. Na3 f6 9. Be3 Nh6 10. Qd2 Nf7 11. Nh2 g5 12. h4 g4 13. f4 gxf3 14. gxf3 Be6 15. f4 exf4 16. Bxf4 Ne5 17. 0-0-0 0-0-0 18. Rhf1 c4 19. d4 Qb6 20. Qe3 Nd3+ 21. cxd3 Bxa3 22. bxa3 c3 23. Rf2 Rxd4 24. Rg1 Qc5 25. Kc2 Qxa3 26. Qxd4 Qb2+ 27. Kd1 c2+ 28. Ke2 Qxd4 29. Nf3 Qxa4 30. Rg7 Qa2 31. Bc1 Rd8 32. Ne1 h5 33. Kd2 Qb3 34. Rxf6 Qb4+ 35. Ke2 Qd4 36. Rgg6 Bg4+ 37. Kd2 Qb4+ 38. Kxc2 Qxe1 39. Rg7 Bd1+ 40. Kb2 Qb4+ 41. Ka1 Qa4+ 0-1